| 000 | 00842nam a22002535a 4500 | ||
|---|---|---|---|
| 005 | 20201128023742.0 | ||
| 008 | 160525t2011 ii a frb |||1 00| 0 eng d | ||
| 020 | _a9788126547104 | ||
| 040 |
_aEG-ScBUE _beng _cEG-ScBUE _dEG-ScBUE |
||
| 082 | 0 | 4 |
_222 _a660.2 _bSOL |
| 100 | 1 |
_aSolen, Kenneth A. _940086 |
|
| 245 | 1 | 0 |
_aIntroduction to chemical engineering : _btools for today and tomorrow / _cKenneth A. Solen, John N. Harb. |
| 250 | _a5th ed., Wiley Student ed. | ||
| 260 |
_aNew Delhi : _bWiley, _cc.2011. |
||
| 300 |
_axxiii, 227 p. : _bill. ; _c25 cm. |
||
| 500 | _aIndex : p. 225-227. | ||
| 504 | _aIncludes bibliographical references. | ||
| 650 | 7 |
_2BUEsh _95532 _aChemical processes. |
|
| 650 | 7 |
_91062 _aChemical engineering. _2BUEsh |
|
| 651 | _2BUEsh | ||
| 653 |
_bENGGEN _cMay2016 |
||
| 700 | 1 | _aHarb, John N. | |
| 942 | _2ddc | ||
| 999 |
_c21813 _d21785 |
||